书目信息 |
| 题名: |
SQL Server7 编程技术内幕
|
|
| 作者: | John Papa Matthew Shepker 编著 | |
| 分册: | ||
| 出版信息: | 北京 机械工业出版社 2000.01 |
|
| 页数: | 606页 | |
| 开本: | 16开 | |
| 丛书名: | ||
| 单 册: | ||
| 中图分类: | TP311.13 | |
| 科图分类: | ||
| 主题词: | 软件 | |
| 电子资源: | ||
| ISBN: | 7-111-07649-4 | |
| 000 | 00682nam0 2200193 45 | |
| 001 | 0011221038 | |
| 005 | 20001122100427.1 | |
| 010 | @a7-111-07649-4@d60.00元 | |
| 100 | @a20001122d2000 km y0chiy0120 ea | |
| 101 | 0 | @achi |
| 105 | @a z 000yy | |
| 200 | 1 | @aSQL Server7 编程技术内幕@ASQL Server7 Bian Cheng Ji Shu Nei Mu@f(美)John Papa Matthew Shepker 等编著;前导工作室译@F(Mei)John Papa Matthew Shepker Deng Bian Zhu;QianDao Gong Zuo Shi Yi |
| 210 | @a北京@c机械工业出版社@d2000.01 | |
| 215 | @a606页@d16开 | |
| 606 | 0 | @a软件 |
| 690 | @aTP311.13@v3 | |
| 701 | 0 | @aJohn Papa Matthew Shepker@4编著 |
| 801 | @aCN@bPftUser@c20001122 | |
| 905 | @b418922-924@dTP311.13@eP.015@f3 | |
| SQL Server7 编程技术内幕/(美)John Papa Matthew Shepker 等编著;前导工作室译.-北京:机械工业出版社,2000.01 |
| 606页;16开 |
| ISBN 7-111-07649-4:60.00元 |
| ● |
| 相关链接 |
|
|
|
正题名:SQL Server7编程技术内幕
索取号:TP311.13/P.015
 
预约/预借
| 序号 | 登录号 | 条形码 | 馆藏地/架位号 | 状态 | 备注 |
| 1 | 418922 | 204189225 | 自科库301/ [索取号:TP311.13/P.015] | 在馆 | |
| 2 | 418923 | 204189234 | 期刊室512/301自科库 40排3列1层/ [索取号:TP311.13/P.015] | 在馆 | |
| 3 | 418924 | 204189243 | 期刊室512/301自科库 40排3列1层/ [索取号:TP311.13/P.015] | 在馆 |